[Event "GRE-chT 43rd"]
[Site "Porto Rio"]
[Date "2015.10.11"]
[Round "6.6"]
[White "Firman, Nazar"]
[Black "Theofilopoulos, Aristotelis"]
[Result "1-0"]
[WhiteElo "2516"]
[BlackElo "2194"]
[PlyCount "135"]
[EventDate "2015.10.08"]
[EventType "team-swiss"]
[EventRounds "7"]
[EventCountry "GRE"]
[SourceTitle "CBM 168 Extra"]
[Source "ChessBase"]
[SourceDate "2015.10.29"]
[SourceVersion "1"]
[SourceVersionDate "2015.10.29"]
[SourceQuality "1"]
[WhiteTeam "Korinthias Argonaftis"]
[BlackTeam "Polichnis"]
[WhiteTeamCountry "GRE"]
[BlackTeamCountry "GRE"]

1. e4 e5 2. Nf3 Nf6 3. Nxe5 d6 4. Nc4 Nxe4 5. Nc3 Nxc3 6. dxc3 Nc6 7. Bf4 Be7 8. Bd3 Be6 9. Qf3 Qd7 10. Ne3 Bf6 11. 0-0-0 0-0-0 12. Bb5 a6 13. Ba4 Kb8 14. c4 b5 15. cxb5 Nd4 16. bxa6 Nxf3 17. Bxd7 Bxd7 18. gxf3 Bb5 19. Nd5 Bxa6 20. Nxf6 gxf6 21. Rhe1 Rhe8 22. Re3 Rxe3 23. fxe3 Be2 24. Rd4 Bxf3 25. c4 Kc8 26. Kc2 Rg8 27. Bg3 Rg4 28. Kc3 Rxd4 29. exd4 d5 30. Kb4 Kb7 31. Kc5 dxc4 32. d5 Be2 33. Bh4 f5 34. Bg3 f4 35. Bxf4 h5 36. h4 Bf1 37. a4 Be2 38. a5 Bf1 39. a6+ Kxa6 40. Kc6 Bg2 41. Bxc7 Ka7 42. Bf4 Bf3 43. Kc5 Kb7 44. Kxc4 Kc8 45. Kc5 Kb7 46. Kd6 Bg2 47. Ke5 Kc8 48. d6 Kd7 49. Kf6 Bd5 50. Kg5 Bf3 51. b4 Be2 52. Kf6 Bc4 53. Bg3 Bd3 54. Kxf7 Be2 55. Kg6 Ke6 56. Bf4 Kd7 57. b5 Bxb5 58. Kxh5 Ke6 59. Kg5 Bd3 60. h5 Kf7 61. h6 Bc2 62. Kg4 Ke6 63. Kf3 Bg6 64. Ke3 Bc2 65. Kd4 Bg6 66. Kc5 Be4 67. Bg3 Bf5 68. Kc6 1-0

[Event "GRE-chT 43rd"]
[Site "Porto Rio"]
[Date "2015.10.09"]
[Round "3.4"]
[White "Iskos, Alexandros"]
[Black "Firman, Nazar"]
[Result "0-1"]
[WhiteElo "2158"]
[BlackElo "2516"]
[PlyCount "102"]
[EventDate "2015.10.08"]
[EventType "team-swiss"]
[EventRounds "7"]
[EventCountry "GRE"]
[SourceTitle "CBM 168 Extra"]
[Source "ChessBase"]
[SourceDate "2015.10.29"]
[SourceVersion "1"]
[SourceVersionDate "2015.10.29"]
[SourceQuality "1"]
[WhiteTeam "Orekastro Marion"]
[BlackTeam "Korinthias Argonaftis"]
[WhiteTeamCountry "GRE"]
[BlackTeamCountry "GRE"]

1. e4 g6 2. d4 Bg7 3. Nc3 d6 4. Be2 Nf6 5. h4 c5 6. d5 0-0 7. h5 b5 8. Bxb5 Nxe4 9. Nxe4 Qa5+ 10. Nc3 Bxc3+ 11. bxc3 Qxb5 12. Qd2 Qc4 13. Ne2 Ba6 14. Ng3 Nd7 15. hxg6 fxg6 16. Rxh7 Nf6 17. Rh6 Kf7 18. Bb2 Rab8 19. Qg5 Rg8 20. Rh4 Qxd5 21. Qxd5+ Nxd5 22. 0-0-0 Nb6 23. c4 Nxc4 24. Bc3 Rb6 25. Rh7+ Ke6 26. Re1+ Kd5 27. Rexe7 Rgb8 28. Kd1 Rb1+ 29. Ke2 Rc1 30. Ne4 Rxc2+ 31. Kf3 Kc6 32. Rxa7 Bb7 33. Ba5 Rf8+ 34. Kg3 Nxa5 35. Rxa5 Kb6 36. Nxd6 Kxa5 37. Nxb7+ Kb6 38. a4 Rfxf2 39. a5+ Kb5 40. Rc7 Rxg2+ 41. Kf3 Rgd2 42. Rg7 Rc3+ 43. Ke4 Rd4+ 44. Ke5 Re3+ 45. Kf6 Rf4+ 46. Kg5 Rf5+ 47. Kg4 Rf6 48. Rd7 Ra3 49. Kg5 Ra6 50. Rd1 c4 51. Nd6+ Kb4 0-1

[Event "GRE-chT 43rd"]
[Site "Porto Rio"]
[Date "2015.10.08"]
[Round "2.7"]
[White "Firman, Nazar"]
[Black "Libiszewski, Fabien"]
[Result "1-0"]
[WhiteElo "2516"]
[BlackElo "2523"]
[PlyCount "100"]
[EventDate "2015.10.08"]
[EventType "team-swiss"]
[EventRounds "7"]
[EventCountry "GRE"]
[SourceTitle "CBM 168 Extra"]
[Source "ChessBase"]
[SourceDate "2015.10.29"]
[SourceVersion "1"]
[SourceVersionDate "2015.10.29"]
[SourceQuality "1"]
[WhiteTeam "Korinthias Argonaftis"]
[BlackTeam "Von Heraklion Contact"]
[WhiteTeamCountry "GRE"]
[BlackTeamCountry "GRE"]

1. e4 c5 2. Nf3 Nc6 3. b3 d6 4. Bb2 Nf6 5. Nc3 g6 6. Nd5 e5 7. Nxf6+ Qxf6 8. c3 Bg7 9. a3 0-0 10. b4 Re8 11. Bc4 Be6 12. d3 Rad8 13. Bc1 h6 14. Bxe6 Qxe6 15. b5 Ne7 16. c4 d5 17. cxd5 Nxd5 18. exd5 Qxd5 19. Be3 e4 20. Nd2 Bxa1 21. Qxa1 Qxd3 22. Qb1 c4 23. Qxd3 exd3 24. Nb1 f5 25. g3 g5 26. Kd2 f4 27. gxf4 gxf4 28. Bxf4 Re2+ 29. Kc3 Rxf2 30. Bd2 Rc8 31. h4 Kf7 32. Rg1 a6 33. a4 axb5 34. axb5 Rf5 35. Na3 h5 36. Re1 Rf2 37. Re5 Rf1 38. Nxc4 Rd1 39. Rxh5 Rxc4+ 40. Kxc4 Rxd2 41. Rd5 Rh2 42. Rxd3 Rxh4+ 43. Kc5 Rh5+ 44. Kb6 Ke6 45. Rd8 Rh7 46. Ka7 Rg7 47. b6 Re7 48. Rb8 Kd6 49. Rxb7 Re1 50. Rc7 Kd5 1-0

[Event "GRE-chT 43rd"]
[Site "Porto Rio"]
[Date "2015.10.08"]
[Round "1.6"]
[White "Kyriakides, Thrasos"]
[Black "Firman, Nazar"]
[Result "0-1"]
[WhiteElo "2139"]
[BlackElo "2516"]
[PlyCount "74"]
[EventDate "2015.10.08"]
[EventType "team-swiss"]
[EventRounds "7"]
[EventCountry "GRE"]
[SourceTitle "CBM 168 Extra"]
[Source "ChessBase"]
[SourceDate "2015.10.29"]
[SourceVersion "1"]
[SourceVersionDate "2015.10.29"]
[SourceQuality "1"]
[WhiteTeam "Alexandroupolis Ethnikos"]
[BlackTeam "Korinthias Argonaftis"]
[WhiteTeamCountry "GRE"]
[BlackTeamCountry "GRE"]

1. d4 g6 2. c4 Bg7 3. Nc3 d6 4. e4 Nd7 5. g3 c5 6. d5 a6 7. f4 Ngf6 8. Nf3 0-0 9. a4 Rb8 10. Bd3 e6 11. dxe6 fxe6 12. 0-0 b6 13. Qc2 Bb7 14. Bd2 Qc7 15. Rae1 Rbe8 16. h3 Nb8 17. Qc1 Nc6 18. Kh2 Nd4 19. Qd1 Bc6 20. Nh4 Qb7 21. Re3 e5 22. Nd5 Bxd5 23. cxd5 b5 24. axb5 axb5 25. fxe5 dxe5 26. b3 Ra8 27. Nf3 Bh6 28. Nxd4 Bxe3 29. Bxe3 cxd4 30. Bh6 Rf7 31. Qe2 Rb8 32. g4 Ne8 33. Rxf7 Qxf7 34. Bxb5 Nd6 35. Bc4 Ra8 36. Kg3 Ra1 37. Qf2 Nxe4+ 0-1

[Event "Isthmia op 5th"]
[Site "Loutraki"]
[Date "2015.08.25"]
[Round "9"]
[White "Firman, Nazar"]
[Black "Drenchev, Petar"]
[Result "1/2-1/2"]
[WhiteElo "2502"]
[BlackElo "2463"]
[PlyCount "92"]
[EventDate "2015.08.18"]
[EventType "swiss"]
[EventRounds "9"]
[EventCountry "GRE"]
[SourceTitle "EXT 2016"]
[Source "ChessBase"]
[SourceDate "2015.10.08"]
[SourceVersion "1"]
[SourceVersionDate "2015.10.08"]
[SourceQuality "1"]

1. e4 e5 2. Nf3 Nc6 3. Bb5 a6 4. Ba4 Nf6 5. d3 d6 6. a3 g6 7. Nc3 Bg7 8. Bg5 h6 9. Be3 0-0 10. h3 Kh7 11. Bb3 Be6 12. Bxe6 fxe6 13. Ne2 Nh5 14. c3 d5 15. Qc2 Nf4 16. Bxf4 exf4 17. d4 dxe4 18. Qxe4 Qd5 19. Qxd5 exd5 20. 0-0-0 Rae8 21. Rhe1 g5 22. Kc2 Re4 23. Nc1 Rfe8 24. Nd3 b6 25. Rh1 Re2+ 26. Rd2 a5 27. a4 Rxd2+ 28. Kxd2 Kg6 29. h4 Re4 30. Nh2 Nd8 31. Ng4 Nf7 32. f3 Re8 33. h5+ Kh7 34. Re1 Rxe1 35. Kxe1 Nd6 36. Nde5 Bxe5 37. dxe5 Ne8 38. Kd2 c6 39. Kd3 Kg7 40. e6 c5 41. e7 Kf7 42. Nxh6+ Kxe7 43. Nf5+ Ke6 44. g4 fxg3 45. Nxg3 Nd6 46. h6 Ke5 1/2-1/2

[Event "Isthmia op 5th"]
[Site "Loutraki"]
[Date "2015.08.22"]
[Round "5"]
[White "Banikas, Hristos"]
[Black "Firman, Nazar"]
[Result "0-1"]
[WhiteElo "2618"]
[BlackElo "2502"]
[PlyCount "62"]
[EventDate "2015.08.18"]
[EventType "swiss"]
[EventRounds "9"]
[EventCountry "GRE"]
[SourceTitle "EXT 2016"]
[Source "ChessBase"]
[SourceDate "2015.10.08"]
[SourceVersion "1"]
[SourceVersionDate "2015.10.08"]
[SourceQuality "1"]

1. d4 g6 2. e4 d6 3. Bc4 Nf6 4. Qe2 Nc6 5. Nf3 Bg4 6. c3 e5 7. Bb5 exd4 8. cxd4 Nd7 9. Bxc6 bxc6 10. Nbd2 Nb6 11. h3 Be6 12. d5 cxd5 13. exd5 Nxd5 14. Nd4 Qd7 15. 0-0 Bg7 16. Nxe6 fxe6 17. Re1 e5 18. Qe4 c6 19. b3 0-0 20. Ba3 Nf4 21. Qc2 Rf5 22. Ne4 d5 23. Rad1 Re8 24. Bc1 Ref8 25. Nc5 Qd6 26. Bxf4 Rxf4 27. Re2 R8f7 28. f3 R4f5 29. Ne4 Qc7 30. Nc5 e4 31. Kh1 Qg3 0-1